| 000 | 00403nam a2200157Ia 4500 | ||
|---|---|---|---|
| 008 | 230718s9999 xx 000 0 und d | ||
| 041 | _aeng | ||
| 082 |
_a004.22 _bDAS |
||
| 100 | _aDasgupta S. | ||
| 245 |
_aComputer Architecture _bA Modern Synthesis |
||
| 260 |
_c1989 _bWiley And Sons |
||
| 300 | _a411 | ||
| 365 |
_cRs. _b278.95 |
||
| 700 | _aDasgupta S. | ||
| 906 |
_dB:82209-Mar-1995 _cCOMP _b41.84 |
||
| 999 |
_c293447 _d293447 |
||